Southville International School and Colleges
Your cart is empty.
  • Cart
  • Lists
    Public lists Eva Luna New books Lux_list list_1
    Your lists Log in to create your own lists
  • Log in to your account
  • Your cookies
  • Search history
Southville International School and Colleges
  • Advanced search
  • Recent comments
  • Most popular
  • Libraries

Log in to your account

Log in with GOOGLE


If you do not have an external account, but do have a local account, you can still log in:

  1. Home
  2. MARC view: Group dynamics for teams /
Normal view MARC view ISBD view

Group dynamics for teams / (Record no. 275909)

[ view plain ]
MARC details
000 -LEADER
fixed length control field 01528cam a2200313 a 4500
001 - CONTROL NUMBER
control field 15976100
003 - CONTROL NUMBER IDENTIFIER
control field SISC
005 - DATE AND TIME OF LATEST TRANSACTION
control field 20170126145949.0
008 - FIXED-LENGTH DATA ELEMENTS--GENERAL INFORMATION
fixed length control field 091106s2011 caua b 001 0 eng
010 ## - LIBRARY OF CONGRESS CONTROL NUMBER
LC control number 2009047306
020 ## - INTERNATIONAL STANDARD BOOK NUMBER
International Standard Book Number 9781412977623 (pbk.)
020 ## - INTERNATIONAL STANDARD BOOK NUMBER
International Standard Book Number 1412977622 (pbk.)
035 ## - SYSTEM CONTROL NUMBER
System control number (OCoLC)ocn466772835
040 ## - CATALOGING SOURCE
Original cataloging agency DLC
Transcribing agency DLC
Modifying agency YDXCP
-- C#P
-- BWX
-- CDX
-- YBM
-- ORX
-- DLC
050 00 - LIBRARY OF CONGRESS CALL NUMBER
Classification number HD 66
Item number .L468 2011
082 00 - DEWEY DECIMAL CLASSIFICATION NUMBER
Classification number 658.4/022
100 1# - MAIN ENTRY--PERSONAL NAME
Personal name Levi, Daniel.
Titles and other words associated with a name Ph. D.
245 10 - TITLE STATEMENT
Title Group dynamics for teams /
Statement of responsibility, etc Daniel Levi.
250 ## - EDITION STATEMENT
Edition statement 3rd edition.
260 ## - PUBLICATION, DISTRIBUTION, ETC. (IMPRINT)
Place of publication, distribution, etc Los Angeles :
Name of publisher, distributor, etc SAGE,
Date of publication, distribution, etc 2011.
300 ## - PHYSICAL DESCRIPTION
Extent xxiii, 366 pages :
Other physical details illustrations ;
Dimensions 23 cm.
500 ## - GENERAL NOTE
General note Includes bibliographical references and index.
505 0# - FORMATTED CONTENTS NOTE
Formatted contents note 1: Characteristics of teams -- Understanding teams -- Defining team success -- 2: Processes of teamwork -- Team beginnings -- Understanding the basic team processes -- Cooperation and competition -- Communication -- 3: Issues teams face -- Managing conflict -- Power and social influence -- Decision making -- Leadership -- Problem solving -- Creativity -- Diversity -- 4: Organizational context of teams -- Team and organizational culture -- Virtual teams -- Evaluating and rewarding teams -- Team building and team training.
521 ## - TARGET AUDIENCE NOTE
Target audience note Business Administration
650 #0 - SUBJECT ADDED ENTRY--TOPICAL TERM
Topical term or geographic name as entry element Teams in the workplace.
906 ## - LOCAL DATA ELEMENT F, LDF (RLIN)
a 7
b cbc
c orignew
d 1
e ecip
f 20
g y-gencatlg
942 ## - ADDED ENTRY ELEMENTS (KOHA)
Source of classification or shelving scheme Library of Congress Classification
Koha item type Books
Call number prefix Foreign
Holdings
Withdrawn status Lost status Source of classification or shelving scheme Damaged status Home library Current library Shelving location Date acquired Source of acquisition Total Checkouts Total Renewals Full call number Barcode Date last seen Date checked out Copy number Price effective from Koha item type
    Library of Congress Classification   College Library College Library General Circulation Section 01/08/2014 Donation 1 5 HD 66 .L468 2011 C15270 05/15/2018 11/06/2015 1 01/08/2014 Books
    Library of Congress Classification   College Library College Library General Circulation Section 01/26/2017 Library Fund     HD 66 .L468 2011 C17444 05/15/2018     01/26/2017 Books

Group dynamics for teams /

APA

Levi D., . (2011). Group dynamics for teams. Los Angeles: SAGE.

Chicago

Levi Daniel, . 2011. Group dynamics for teams. Los Angeles: SAGE.

Harvard

Levi D., . (2011). Group dynamics for teams. Los Angeles: SAGE.

MLA

Levi Daniel, . Group dynamics for teams. Los Angeles: SAGE. 2011.

  • Place hold
  • Print
  • Cite
  • Add to your cart (remove)
  • Save record
    BIBTEX Dublin Core MARCXML MARC (non-Unicode/MARC-8) MARC (Unicode/UTF-8) MARC (Unicode/UTF-8, Standard) MODS (XML) RIS
  • More searches
    Search for this title in:
    Other Libraries (WorldCat) Other Databases (Google Scholar) Online Stores (Bookfinder.com) Open Library (openlibrary.org)

Exporting to Dublin Core...

SOUTHVILLE LIBRARY

Southville International School and Colleges Library

1281 Tropical Ave. Cor. Luxembourg St., BF Homes International, Las Pinas City

Tel. No. 8256374 / 252358 Loc. 117/146

Powered by Koha